[Event "Avoine op 32nd"]
[Site "Avoine"]
[Date "2017.07.27"]
[Round "6"]
[White "Roussel, Glenn"]
[Black "Travadon, Loic"]
[Result "1/2-1/2"]
[WhiteElo "2184"]
[BlackElo "2371"]
[PlyCount "106"]
[EventDate "2017.07.22"]
[EventType "swiss"]
[EventRounds "9"]
[EventCountry "FRA"]
[SourceTitle "CBM 179 Extra"]
[Source "ChessBase"]
[SourceDate "2017.08.23"]
[SourceVersion "1"]
[SourceVersionDate "2017.08.23"]
[SourceQuality "1"]

1. e4 d6 2. d4 Nf6 3. Nc3 c6 4. Be3 Nbd7 5. f3 e5 6. Nge2 Be7 7. g4 h6 8. Qd2 b5 9. Ng3 exd4 10. Bxd4 Ne5 11. Bxe5 dxe5 12. Qxd8+ Bxd8 13. a4 b4 14. Na2 a5 15. Nc1 g6 16. Nd3 Nd7 17. b3 Bb6 18. Nb2 Ke7 19. 0-0-0 Nf8 20. Bc4 Nh7 21. Rd3 Ng5 22. h4 Ne6 23. Ne2 h5 24. g5 Rf8 25. Rf1 f6 26. gxf6+ Rxf6 27. Bxe6 Bxe6 28. Nc4 Bc7 29. Kd1 Raf8 30. Nd2 Rg8 31. Rg1 Rff8 32. Ke1 Rd8 33. Nc1 Kf7 34. Kf1 Bd6 35. Rg5 Kf6 36. f4 Kf7 37. Nf3 exf4 38. Rxa5 Ke7 39. Ra7+ Rd7 40. Rxd7+ Bxd7 41. Ne2 Rf8 42. Kg2 Bb8 43. Rd4 c5 44. Rc4 Rc8 45. e5 Be6 46. Rxf4 Bd5 47. Kg3 Bxf3 48. Kxf3 Bxe5 49. Re4 Kd6 50. Nf4 Rf8 51. Ke3 Rg8 52. Nd3 Bd4+ 53. Kf3 Rf8+ 1/2-1/2

[Event "FRA-ch op-A"]
[Site "Agen"]
[Date "2016.08.??"]
[Round "1"]
[White "Roussel, Simon"]
[Black "Roussel, Glenn"]
[Result "0-1"]
[WhiteElo "2052"]
[BlackElo "2160"]
[PlyCount "92"]
[EventDate "2016.08.12"]
[EventType "swiss"]
[EventRounds "9"]
[EventCountry "FRA"]
[SourceTitle "EXT 2017"]
[Source "ChessBase"]
[SourceDate "2016.10.25"]
[SourceVersion "1"]
[SourceVersionDate "2016.10.25"]
[SourceQuality "1"]

1. e4 c5 2. Nf3 e6 3. d4 cxd4 4. Nxd4 Nf6 5. Bd3 Nc6 6. Nf3 d5 7. exd5 Nxd5 8. 0-0 Ndb4 9. Be4 Be7 10. Qxd8+ Bxd8 11. Bf4 0-0 12. Na3 a6 13. Rad1 f5 14. Bxc6 Nxc6 15. Nc4 b5 16. Nd6 Bf6 17. c3 e5 18. Nxc8 Raxc8 19. Bc1 h6 20. Rd6 e4 21. Nd4 Bxd4 22. cxd4 Rfd8 23. Bf4 g5 24. Rc1 Nxd4 25. Rxc8 Rxc8 26. Rxd4 gxf4 27. Kf1 Rc1+ 28. Ke2 Rc2+ 29. Rd2 Rxd2+ 30. Kxd2 Kf7 31. Kc3 Kf6 32. Kd4 Kg5 33. f3 e3 34. Kd3 h5 35. a3 h4 36. Ke2 Kf6 37. Kd3 Ke5 38. Kc3 Kd5 39. b3 Kc5 40. Kd3 a5 41. Kc3 b4+ 42. axb4+ axb4+ 43. Kd3 Kd5 44. Ke2 Kd4 45. h3 Kc3 46. g4 fxg3 0-1

[Event "Avoine op 31st"]
[Site "Avoine"]
[Date "2016.07.29"]
[Round "7"]
[White "Nguyen Cadoret, Nathan"]
[Black "Roussel, Glenn"]
[Result "0-1"]
[WhiteElo "1827"]
[BlackElo "2139"]
[PlyCount "102"]
[EventDate "2016.07.23"]
[EventType "swiss"]
[EventRounds "9"]
[EventCountry "FRA"]
[SourceTitle "CBM 173 Extra"]
[Source "ChessBase"]
[SourceDate "2016.08.29"]
[SourceVersion "1"]
[SourceVersionDate "2016.08.29"]
[SourceQuality "1"]

1. d4 d5 2. c4 dxc4 3. e3 e5 4. Bxc4 exd4 5. Qxd4 Qxd4 6. exd4 Nc6 7. Ne2 Nf6 8. 0-0 Bd6 9. f3 Bf5 10. Nbc3 Na5 11. Bd5 Nxd5 12. Nxd5 0-0-0 13. Ndc3 Rhe8 14. Rd1 Nc6 15. Kf2 a6 16. a3 Na5 17. b4 Nc4 18. Ra2 Rd7 19. Ng3 Bg6 20. Re2 Red8 21. Nge4 Be7 22. d5 c6 23. Rd4 Nb6 24. Rc2 Nxd5 25. Nxd5 Rxd5 26. Rxd5 Rxd5 27. Rd2 Bxe4 28. fxe4 Rxd2+ 29. Bxd2 b5 30. Bc3 f6 31. Kf3 Kd7 32. Bd4 Ke6 33. Bb6 Bd6 34. h3 Be5 35. Bc5 Bb2 36. Bf8 Kf7 37. Bc5 Bxa3 38. Ke3 a5 39. Kd4 Bxb4 40. Bb6 a4 41. Kd3 Ke6 42. Bd4 Kd6 43. g4 c5 44. Ba1 Be1 45. g5 fxg5 46. Bxg7 c4+ 47. Kc2 b4 48. Kd1 Bc3 49. Bh6 a3 50. Kc2 a2 51. Bf8+ Ke6 0-1

[Event "Avoine op 31st"]
[Site "Avoine"]
[Date "2016.07.26"]
[Round "4"]
[White "Roussel, Glenn"]
[Black "Lerch, Patrice"]
[Result "0-1"]
[WhiteElo "2139"]
[BlackElo "2392"]
[PlyCount "98"]
[EventDate "2016.07.23"]
[EventType "swiss"]
[EventRounds "9"]
[EventCountry "FRA"]
[SourceTitle "CBM 173 Extra"]
[Source "ChessBase"]
[SourceDate "2016.08.29"]
[SourceVersion "1"]
[SourceVersionDate "2016.08.29"]
[SourceQuality "1"]

1. e4 c5 2. Nf3 Nc6 3. c3 d5 4. exd5 Qxd5 5. d4 Nf6 6. Be2 e6 7. 0-0 Be7 8. c4 Qd7 9. dxc5 Bxc5 10. Nc3 Qxd1 11. Rxd1 Bd7 12. a3 0-0 13. Bg5 Rfd8 14. Rd2 Be8 15. Rad1 Rxd2 16. Rxd2 Be7 17. Bf4 Kf8 18. h3 Rc8 19. Rd1 a6 20. Be3 h6 21. Nd2 Rd8 22. Nde4 Rxd1+ 23. Bxd1 Nxe4 24. Nxe4 Ne5 25. Be2 b5 26. cxb5 Bxb5 27. Bxb5 axb5 28. b4 Nc4 29. Bc1 Nd6 30. Nc5 Ke8 31. Kf1 Nc4 32. Nb3 Bf6 33. Ke2 Kd7 34. Nd2 Nxd2 35. Bxd2 Kc6 36. Kd3 Kd5 37. f3 Bd4 38. Bc1 h5 39. g4 g6 40. Bd2 f5 41. gxh5 gxh5 42. f4 Bb2 43. Kc2 Bg7 44. Kd3 Bh6 45. Ke3 e5 46. Kf3 e4+ 47. Ke3 Bg7 48. Bc1 Bc3 49. Ke2 Kc4 0-1

[Event "Naujac op 17th"]
[Site "Naujac"]
[Date "2014.07.02"]
[Round "4"]
[White "Sasu Ducsoara, Adrian"]
[Black "Roussel, Glenn"]
[Result "1/2-1/2"]
[WhiteElo "2138"]
[BlackElo "1930"]
[PlyCount "104"]
[EventDate "2014.06.29"]
[EventType "swiss"]
[EventRounds "9"]
[EventCountry "FRA"]
[SourceTitle "CBM 161 Extra"]
[Source "ChessBase"]
[SourceDate "2014.08.29"]
[SourceVersion "1"]
[SourceVersionDate "2014.08.29"]
[SourceQuality "1"]

1. e4 d5 2. exd5 Nf6 3. Bb5+ Bd7 4. Bc4 Bg4 5. f3 Bf5 6. Nc3 Nbd7 7. d4 Nb6 8. Bb3 Nfxd5 9. Nge2 e6 10. Nxd5 exd5 11. Bf4 Bd6 12. Qd2 Qd7 13. g4 Be6 14. 0-0-0 0-0-0 15. Bxd6 Qxd6 16. Nf4 Rhe8 17. Rhe1 Bd7 18. Nd3 f6 19. Qf4 Bc6 20. Qxd6 Rxd6 21. Rxe8+ Bxe8 22. Re1 Bf7 23. Nc5 Nd7 24. Re7 Nxc5 25. Rxf7 Ne6 26. f4 Rd7 27. Rxd7 Kxd7 28. Bxd5 Nxd4 29. Kd2 c6 30. Be4 h6 31. Ke3 Nb5 32. Bd3 Nd6 33. Kd4 b6 34. b4 Nb7 35. a3 Kd6 36. h4 g5 37. hxg5 hxg5 38. fxg5 fxg5 39. c3 Nd8 40. Ke4 Ke6 41. Kd4 Kd6 42. Bc4 Ne6+ 43. Ke4 Nc7 44. Bg8 a6 45. Bc4 a5 46. Bg8 Ke7 47. Ke5 Ne8 48. Kf5 Nd6+ 49. Kxg5 Ne4+ 50. Kf5 Nxc3 51. bxa5 bxa5 52. Bc4 Nb5 1/2-1/2

[Event "Sautron op 13th"]
[Site "Sautron"]
[Date "2013.11.01"]
[Round "8"]
[White "Roussel, Glenn"]
[Black "Ider, Borya"]
[Result "0-1"]
[WhiteElo "1944"]
[BlackElo "2377"]
[PlyCount "70"]
[EventDate "2013.10.26"]
[EventType "swiss"]
[EventRounds "9"]
[EventCountry "FRA"]
[SourceTitle "EXT 2016"]
[Source "ChessBase"]
[SourceDate "2015.10.08"]
[SourceVersion "1"]
[SourceVersionDate "2015.10.08"]
[SourceQuality "1"]

1. e4 e6 2. d4 d5 3. Nc3 Bb4 4. a3 Bxc3+ 5. bxc3 dxe4 6. Qg4 Nf6 7. Qxg7 Rg8 8. Qh6 Nbd7 9. Ne2 b6 10. Ng3 Bb7 11. c4 Qe7 12. Be2 0-0-0 13. a4 Ng4 14. Bxg4 Rxg4 15. Ba3 c5 16. Rd1 Qg5 17. Qxg5 Rxg5 18. Ke2 f5 19. Bc1 Rgg8 20. d5 Ba6 21. dxe6 Bxc4+ 22. Kd2 Bxe6 23. Kc3 Ne5 24. h3 Nc6 25. Ne2 Bf7 26. Nf4 Rd4 27. Rxd4 cxd4+ 28. Kd2 Re8 29. Re1 Ne5 30. Kd1 Rd8 31. Bb2 Nc4 32. Ba1 d3 33. cxd3 exd3 34. Re7 Be8 35. Rxa7 Kb8 0-1

[Event "Sautron op 13th"]
[Site "Sautron"]
[Date "2013.10.??"]
[Round "1"]
[White "Badelka, Olga"]
[Black "Roussel, Glenn"]
[Result "0-1"]
[WhiteElo "1895"]
[BlackElo "1944"]
[PlyCount "64"]
[EventDate "2013.10.26"]
[EventType "swiss"]
[EventRounds "9"]
[EventCountry "FRA"]
[SourceTitle "EXT 2016"]
[Source "ChessBase"]
[SourceDate "2015.10.08"]
[SourceVersion "1"]
[SourceVersionDate "2015.10.08"]
[SourceQuality "1"]

1. d4 Nf6 2. c4 c5 3. d5 b5 4. cxb5 a6 5. bxa6 g6 6. g3 Nxa6 7. Bg2 Bb7 8. Nc3 Bg7 9. e4 d6 10. Nf3 Nb4 11. a3 Qa5 12. Rb1 Na2 13. Bd2 Nxc3 14. Bxc3 Qa6 15. Bf1 Qb6 16. Bd3 e6 17. dxe6 fxe6 18. 0-0 0-0 19. Nd2 d5 20. Bxf6 Bxf6 21. Qc2 Bd4 22. Be2 dxe4 23. Nc4 Qc6 24. b4 cxb4 25. axb4 Rf6 26. Rbd1 e5 27. b5 Qc5 28. Ne3 Qb6 29. Qb3+ Kh8 30. Ng4 Rf5 31. Bc4 Raf8 32. Rd2 Rf3 0-1

[Event "Sautron op 13th"]
[Site "Sautron"]
[Date "2013.10.??"]
[Round "6"]
[White "Roussel, Glenn"]
[Black "Navrotescu, Andreea Cristiana"]
[Result "1/2-1/2"]
[WhiteElo "1944"]
[BlackElo "2151"]
[PlyCount "46"]
[EventDate "2013.10.26"]
[EventType "swiss"]
[EventRounds "9"]
[EventCountry "FRA"]
[SourceTitle "EXT 2016"]
[Source "ChessBase"]
[SourceDate "2015.10.08"]
[SourceVersion "1"]
[SourceVersionDate "2015.10.08"]
[SourceQuality "1"]

1. d4 Nf6 2. Nf3 g6 3. c4 Bg7 4. Nc3 d5 5. cxd5 Nxd5 6. e4 Nxc3 7. bxc3 c5 8. Be3 Nc6 9. Qd2 Qa5 10. Be2 Bg4 11. Rd1 Rd8 12. e5 Bxf3 13. Bxf3 Nxe5 14. Bxb7 Nc4 15. Bc6+ Kf8 16. Qc2 cxd4 17. Bf4 Na3 18. Qb3 Be5 19. Bc1 Bd6 20. Rxd4 Rc8 21. Ra4 Qe5+ 22. Re4 Qa5 23. Ra4 Qe5+ 1/2-1/2

[Event "Avoine op 28th"]
[Site "Avoine"]
[Date "2013.07.25"]
[Round "6"]
[White "Pietrasanta, Jeremy"]
[Black "Roussel, Glenn"]
[Result "0-1"]
[WhiteElo "2197"]
[BlackElo "1911"]
[PlyCount "66"]
[EventDate "2013.07.20"]
[EventType "swiss"]
[EventRounds "9"]
[EventCountry "FRA"]
[SourceTitle "CBM 155 Extra"]
[Source "ChessBase"]
[SourceDate "2013.08.26"]
[SourceVersion "1"]
[SourceVersionDate "2013.08.26"]
[SourceQuality "1"]

1. c4 Nf6 2. Nc3 b6 3. Nf3 Bb7 4. g3 g6 5. Bg2 Bg7 6. 0-0 0-0 7. d3 d5 8. cxd5 Nxd5 9. Bd2 c5 10. Qa4 Nc6 11. Qh4 Nf6 12. Bh6 Qd7 13. Bh3 e6 14. Bg5 Nd5 15. Rac1 Rac8 16. Bh6 Nf6 17. Rfe1 Ne7 18. e4 Nh5 19. Bg5 f6 20. Be3 f5 21. Bg5 fxe4 22. dxe4 Rxf3 23. Bxe7 Bd4 24. Rc2 Rf7 25. Bg5 Rcf8 26. Nd1 b5 27. Qg4 Ng7 28. Bh6 Bc8 29. Bg2 e5 30. Qh4 Qg4 31. Qxg4 Bxg4 32. Ne3 Be6 33. Nd5 Rxf2 0-1

[Event "Naujac op"]
[Site "Naujac"]
[Date "2013.07.02"]
[Round "3"]
[White "Roussel, Glenn"]
[Black "Colpe, Malte"]
[Result "0-1"]
[WhiteElo "1911"]
[BlackElo "2311"]
[PlyCount "56"]
[EventDate "2013.06.30"]
[EventType "swiss"]
[EventRounds "9"]
[EventCountry "FRA"]
[SourceTitle "CBM 155 Extra"]
[Source "ChessBase"]
[SourceDate "2013.08.26"]
[SourceVersion "1"]
[SourceVersionDate "2013.08.26"]
[SourceQuality "1"]

1. d4 d5 2. Nf3 Nf6 3. e3 c5 4. b3 cxd4 5. exd4 Nc6 6. a3 Bg4 7. Bb2 e6 8. Be2 Be7 9. 0-0 0-0 10. Nbd2 Qb6 11. b4 a6 12. Nb3 a5 13. b5 Bxf3 14. gxf3 Na7 15. a4 Qc7 16. c4 dxc4 17. Rc1 Qf4 18. Bxc4 Bd6 19. Re1 Qxh2+ 20. Kf1 Nd5 21. Bxd5 exd5 22. Ke2 Rfe8+ 23. Kd3 Qxf2 24. Bc3 Bf4 25. Bd2 Rxe1 26. Qxe1 Qxf3+ 27. Kc2 Bxd2 28. Nxd2 Qa3 0-1

[Event "Rohde op 12th"]
[Site "Sautron"]
[Date "2012.11.??"]
[Round "2"]
[White "Roussel, Glenn"]
[Black "Le Goff, Ronan"]
[Result "0-1"]
[WhiteElo "1871"]
[BlackElo "2108"]
[PlyCount "82"]
[EventDate "2012.10.27"]
[EventType "swiss"]
[EventRounds "9"]
[EventCountry "FRA"]
[SourceTitle "EXT 2014"]
[Source "ChessBase"]
[SourceDate "2013.11.20"]
[SourceVersion "1"]
[SourceVersionDate "2013.11.20"]
[SourceQuality "1"]

1. d4 d5 2. Nc3 Nf6 3. Bg5 Bf5 4. Bxf6 gxf6 5. e3 e6 6. Bd3 Bg6 7. f4 f5 8. Qe2 Nd7 9. h4 h5 10. Nf3 f6 11. Na4 a6 12. Nd2 b5 13. Nc5 Bxc5 14. dxc5 Nxc5 15. b4 Na4 16. Nb3 Kf7 17. 0-0 Qd6 18. a3 Rac8 19. Rac1 Kg7 20. c3 Rhf8 21. Rfd1 Qb6 22. Qf2 e5 23. Be2 Qe6 24. Na5 Rfe8 25. Bf3 c6 26. Re1 Kh7 27. Qe2 Qf7 28. Qf2 Qg7 29. Bd1 Nb6 30. e4 Nd7 31. exf5 Bf7 32. Qa7 Red8 33. Qxa6 Rc7 34. Nxc6 Rdc8 35. Ne7 Qg3 36. Be2 Rxc3 37. Rcd1 R8c7 38. Qxb5 Qe3+ 39. Kh1 Rc2 40. Bf3 Qxf4 41. Nxd5 Qxh4+ 0-1

[Event "Rohde op 12th"]
[Site "Sautron"]
[Date "2012.11.??"]
[Round "4"]
[White "Roussel, Glenn"]
[Black "Rouillon, Robin"]
[Result "1/2-1/2"]
[WhiteElo "1871"]
[BlackElo "1796"]
[PlyCount "42"]
[EventDate "2012.10.27"]
[EventType "swiss"]
[EventRounds "9"]
[EventCountry "FRA"]
[SourceTitle "EXT 2014"]
[Source "ChessBase"]
[SourceDate "2013.11.20"]
[SourceVersion "1"]
[SourceVersionDate "2013.11.20"]
[SourceQuality "1"]

1. d4 Nf6 2. Nc3 d5 3. e4 dxe4 4. f3 exf3 5. Nxf3 Bg4 6. h3 Bh5 7. g4 Bg6 8. Ne5 e6 9. Qf3 c6 10. Be3 Nbd7 11. 0-0-0 Nd5 12. Nxg6 hxg6 13. Nxd5 cxd5 14. Bd3 Be7 15. Rdf1 Rf8 16. Kb1 Qb6 17. h4 0-0-0 18. c4 dxc4 19. Bxc4 Kb8 20. Rc1 Nf6 21. d5 Bc5 1/2-1/2

[Event "Guingamp op 15th"]
[Site "Guingamp"]
[Date "2011.03.05"]
[Round "1"]
[White "Koziak, Vitali"]
[Black "Roussel, Glenn"]
[Result "1-0"]
[WhiteElo "2464"]
[BlackElo "1698"]
[PlyCount "43"]
[EventDate "2011.03.05"]
[EventType "swiss"]
[EventRounds "9"]
[EventCountry "FRA"]
[SourceTitle "CBM 141 Extra"]
[Source "ChessBase"]
[SourceDate "2011.05.03"]
[SourceVersion "1"]
[SourceVersionDate "2011.05.03"]
[SourceQuality "1"]

1. d4 d5 2. c4 e5 3. Nc3 Nc6 4. cxd5 Nxd4 5. e3 Nf5 6. e4 Nd4 7. Be3 Bc5 8. Nge2 Bg4 9. f3 Nxf3+ 10. gxf3 Bxe3 11. fxg4 Qf6 12. Qa4+ c6 13. Nd1 Qh4+ 14. Ng3 Bf4 15. Nf2 Nf6 16. Nf5 Qg5 17. h4 Bd2+ 18. Ke2 Qf4 19. Nd3 Qxg4+ 20. Kxd2 Qf3 21. Be2 Nxe4+ 22. Qxe4 1-0

[Event "Fouesnant op 15th"]
[Site "Fouesnant"]
[Date "2009.10.28"]
[Round "5"]
[White "Roussel, Glenn"]
[Black "Le Garrec, Maxime"]
[Result "1-0"]
[WhiteElo "1562"]
[BlackElo "1687"]
[PlyCount "53"]
[EventDate "2009.10.26"]
[EventType "swiss"]
[EventRounds "9"]
[EventCountry "FRA"]
[SourceTitle "EXT 2010"]
[Source "ChessBase"]
[SourceDate "2010.11.25"]
[SourceVersion "1"]
[SourceVersionDate "2010.11.25"]
[SourceQuality "1"]

1. d4 b5 2. e4 Bb7 3. f3 a6 4. Bd3 e6 5. Be3 d5 6. e5 c5 7. dxc5 d4 8. Bxd4 Nc6 9. c3 Nxd4 10. cxd4 Bc6 11. Ne2 Qh4+ 12. g3 Qh6 13. 0-0 Qe3+ 14. Kg2 Nh6 15. h3 0-0-0 16. b4 Nf5 17. Bxf5 exf5 18. Qd2 Qh6 19. Qxh6 gxh6 20. Nbc3 Rg8 21. Rad1 Bd5 22. Nxd5 Rxd5 23. Nf4 Rd8 24. d5 Be7 25. d6 Bg5 26. Nd5 Rge8 27. d7+ 1-0

[Event "Fouesnant op 15th"]
[Site "Fouesnant"]
[Date "2009.10.25"]
[Round "2"]
[White "Roussel, Glenn"]
[Black "Joyeux, Gerard"]
[Result "1-0"]
[WhiteElo "1562"]
[BlackElo "1710"]
[PlyCount "29"]
[EventDate "2009.10.26"]
[EventType "swiss"]
[EventRounds "9"]
[EventCountry "FRA"]
[SourceTitle "EXT 2010"]
[Source "ChessBase"]
[SourceDate "2010.11.25"]
[SourceVersion "1"]
[SourceVersionDate "2010.11.25"]
[SourceQuality "1"]

1. e4 e6 2. d4 d5 3. e5 Ne7 4. Nf3 h6 5. Bd3 c5 6. c3 cxd4 7. cxd4 Nbc6 8. Nc3 Qb6 9. 0-0 Nxd4 10. Nxd4 a6 11. b3 Bd7 12. Be3 Qb4 13. Rc1 Nf5 14. Nxf5 exf5 15. Nxd5 1-0